Loreto College Library, Kolkata
WEBOPAC (ONLINE PUBLIC ACCESS CATALOGUE)

Finance for an equitable recovery (Record no. 43123)

MARC details
000 -LEADER
fixed length control field 00622nam a22002177a 4500
005 - DATE AND TIME OF LATEST TRANSACTION
control field 20230203124439.0
008 - FIXED-LENGTH DATA ELEMENTS--GENERAL INFORMATION
fixed length control field 230203b |||||||| |||| 00| 0 eng d
020 ## - ISBN | অাই এস বি এন
ISBN | অাই এস বি এন 9781464817304
PRICE Rs.4000.00
040 ## - CATALOGING SOURCE
Original cataloging agency Loreto College
041 ## - LANGUAGE CODE
Language code English
082 ## - DDC | ডিউই
Classification number | বর্গসংখ্যা 339.2
Book Number | গ্রন্থাঙ্ক WOR
110 ## - AIN ENTRY--CORPORATE NAME | মুখ্য সংলেখ - সংস্থানাম
Corporate name | সংস্থা নাম World Bank Group
245 ## - TITLE STATEMENT | অাখ্যা বিবরণী
Title | অাখ্যা Finance for an equitable recovery
Sub title | উপঅাখ্যা World development report 2022
Statement of responsibility | লেখকের দায়িত্বের বিবরণ World Bank Group
260 ## - IMPRINT | প্রকাশনা ক্ষেত্র
Place of publication | প্রকাশ স্থান Washington D.C.
Name of publisher | প্রকাশকের নাম The World Bank
Date of publication | প্রকাশ কাল 2022
300 ## - PHYSICAL DESCRIPTION |
Page / Vol. No | পৃষ্ঠা / খন্ড সংখ্যা xx,257p
Other physical details | অনান্য বাহ্যিক বিবরণ 24cm
650 ## - SUBJECT ADDED ENTRY--TOPICAL TERM | বিষয় শিরোনাম - মূল বিষয়
Topical term | মূল বিষয় Economic development
650 ## - SUBJECT ADDED ENTRY--TOPICAL TERM | বিষয় শিরোনাম - মূল বিষয়
Topical term | মূল বিষয় Equality-economic aspects
650 ## - SUBJECT ADDED ENTRY--TOPICAL TERM | বিষয় শিরোনাম - মূল বিষয়
Topical term | মূল বিষয় Finance
850 ## - HOLDING INSTITUTION
Holding institution LCLIB
942 ## - ADDED ENTRY ELEMENTS (KOHA)
Koha item type Books
Holdings
Withdrawn status Lost status Source of classification Damaged status Not for loan Home library Current library Date acquired Price Total Checkouts Full call number Accession No. Date last seen Price effective from Koha item type Coded location qualifier
    Dewey Decimal Classification     Loreto College Loreto College 03/02/2023 4000.00   339.2 WOR 54303 47226 03/02/2023 03/02/2023 Books